| 000 | 00404cam a22001337a 4500 | ||
|---|---|---|---|
| 008 | 180718b1959 xxu||||| |||| 00| 0 eng d | ||
| 082 | _aT19x54 G346i/59 | ||
| 100 | _aGhosh, Alak | ||
| 245 |
_aIndian economy: its nature and problems: a new -look Indian economics _cby Alak Ghosh |
||
| 250 | _a3rd ed. | ||
| 260 |
_aCalcutta _bWorld Press _c1959 |
||
| 300 | _a507p. | ||
| 650 | _aIndia - Economic conditions | ||
| 999 |
_c366251 _d366251 |
||